000 00613nam a2200229Ia 4500
003 OSt
005 20220928105444.0
006 a|||||r|||| 00| 0
007 ta
008 220927b |||||||| |||| 00| 0 eng d
024 _a79680
037 _cTextual
040 _aSDCL
_cSDCL
_beng
041 _2eng
_aeng
082 _aR693,1xD80:g, D9
100 _aDivakara Soddha Sena
_9415433
245 0 _aNyayavatara
_bThe earliest Jaina work on pure logic.
260 _c1919
300 _a35p.
_ccm.
942 _hR693,1xD80:g, D9
_cTEXL
_2CC
999 _c731282
_d731282